[Event "Bundesliga 9697"]
[Site "Deutschland"]
[Date "1997.??.??"]
[Round "?.5"]
[White "Boensch, Uwe"]
[Black "Chandler, Murray G"]
[Result "1/2-1/2"]
[WhiteElo "2520"]
[BlackElo "2555"]
[PlyCount "40"]
[EventDate "1996.10.??"]
[EventType "team"]
[EventRounds "15"]
[EventCountry "GER"]
[SourceTitle "Bundesliga 9697"]
[Source "DeepChess"]
[SourceDate "2005.01.01"]
[SourceVersion "1"]
[SourceVersionDate "2005.01.01"]
[SourceQuality "1"]
[WhiteTeam "SV Empor Berlin e.V."]
[BlackTeam "SG 1868 Aljech. Solingen"]
[WhiteTeamCountry "GER"]
[BlackTeamCountry "GER"]

1. d4 d5 2. c4 e6 3. Nf3 c5 4. cxd5 exd5 5. g3 Nc6 6. Bg2 Nf6 7. O-O Be7 8. Nc3
O-O 9. b3 Ne4 10. Bb2 Bf6 11. Na4 b6 12. Rc1 Ba6 13. dxc5 Bxb2 14. Nxb2 bxc5
15. Na4 Re8 16. Re1 c4 17. Nd2 Qf6 18. Nxe4 dxe4 19. bxc4 Rad8 20. Qb3 e3
1/2-1/2

[Event "Bundesliga 9697"]
[Site "Deutschland"]
[Date "1997.??.??"]
[Round "?.7"]
[White "Luther, Thomas"]
[Black "Lau, Ralf"]
[Result "1-0"]
[WhiteElo "2520"]
[BlackElo "2500"]
[PlyCount "79"]
[EventDate "1996.10.??"]
[EventType "team"]
[EventRounds "15"]
[EventCountry "GER"]
[SourceTitle "Bundesliga 9697"]
[Source "DeepChess"]
[SourceDate "2005.01.01"]
[SourceVersion "1"]
[SourceVersionDate "2005.01.01"]
[SourceQuality "1"]
[WhiteTeam "SV Empor Berlin e.V."]
[BlackTeam "SG 1868 Aljech. Solingen"]
[WhiteTeamCountry "GER"]
[BlackTeamCountry "GER"]

1. e4 d6 2. d4 g6 3. Nc3 c6 4. f4 d5 5. e5 h5 6. Be3 Nh6 7. Nf3 Bg4 8. h3 Bxf3
9. Qxf3 h4 10. Bd3 e6 11. O-O Nd7 12. Ne2 Nf5 13. Bf2 a5 14. b3 Ba3 15. c4 Nb6
16. Rab1 Kf8 17. Rfd1 Kg7 18. Kh2 Qe7 19. Ng1 Bb4 20. Qe2 dxc4 21. Bxf5 gxf5
22. bxc4 Na4 23. Be1 Rab8 24. Nf3 b5 25. d5 cxd5 26. cxd5 Bxe1 27. Qxe1 b4 28.
dxe6 fxe6 29. Rd6 Nc3 30. Nd4 Rh6 31. Rxe6 Qxe6 32. Nxe6+ Rxe6 33. Rb2 Rh8 34.
Qf2 Ne4 35. Qa7+ Kg6 36. Qxa5 Rc8 37. Qxb4 Ng3 38. Rb1 Rec6 39. Qe7 Rc1 40.
Qf6+ 1-0

[Event "Bundesliga 9697"]
[Site "Deutschland"]
[Date "1997.??.??"]
[Round "?.8"]
[White "Norwood, David"]
[Black "Chekhov, Valery A"]
[Result "1-0"]
[WhiteElo "2520"]
[BlackElo "2520"]
[PlyCount "63"]
[EventDate "1996.10.??"]
[EventType "team"]
[EventRounds "15"]
[EventCountry "GER"]
[SourceTitle "Bundesliga 9697"]
[Source "DeepChess"]
[SourceDate "2005.01.01"]
[SourceVersion "1"]
[SourceVersionDate "2005.01.01"]
[SourceQuality "1"]
[WhiteTeam "SG 1868 Aljech. Solingen"]
[BlackTeam "SV Empor Berlin e.V."]
[WhiteTeamCountry "GER"]
[BlackTeamCountry "GER"]

1. Nf3 d6 2. d4 Bg4 3. c4 c6 4. Nc3 Nd7 5. d5 Bxf3 6. exf3 g6 7. f4 Bg7 8. Be2
Ngf6 9. g4 cxd5 10. cxd5 Qa5 11. O-O O-O 12. g5 Ne8 13. Re1 Qd8 14. h4 Nc7 15.
h5 Nb6 16. Bf3 Rb8 17. Be3 Nc4 18. Qe2 Nxe3 19. Qxe3 b5 20. Rad1 b4 21. Ne4 Nb5
22. Bg4 Qb6 23. Qh3 Nd4 24. Kg2 Rfd8 25. hxg6 hxg6 26. f5 gxf5 27. Bxf5 Qb7 28.
Rxd4 Bxd4 29. Nf6+ Bxf6 30. Qh7+ Kf8 31. gxf6 Qxd5+ 32. Kg1 1-0

[Event "Bundesliga 9697"]
[Site "Deutschland"]
[Date "1997.??.??"]
[Round "?.2"]
[White "Casper, Thomas"]
[Black "Gabriel, Christian"]
[Result "1/2-1/2"]
[WhiteElo "2405"]
[BlackElo "2570"]
[PlyCount "89"]
[EventDate "1996.10.??"]
[EventType "team"]
[EventRounds "15"]
[EventCountry "GER"]
[SourceTitle "Bundesliga 9697"]
[Source "DeepChess"]
[SourceDate "2005.01.01"]
[SourceVersion "1"]
[SourceVersionDate "2005.01.01"]
[SourceQuality "1"]
[WhiteTeam "SV Erfurt West 90"]
[BlackTeam "SG 1868 Aljech. Solingen"]
[WhiteTeamCountry "GER"]
[BlackTeamCountry "GER"]

1. e4 c5 2. Nf3 Nc6 3. Bb5 g6 4. O-O Bg7 5. Re1 Nf6 6. c3 a6 7. Bf1 O-O 8. h3
e5 9. d3 d5 10. Nbd2 Re8 11. a3 a5 12. exd5 Nxd5 13. a4 h6 14. Nc4 b6 15. g3
Bf5 16. Bg2 Ra7 17. Nh2 Rd7 18. Ng4 Kh7 19. Qb3 Re6 20. Be4 h5 21. Nge3 Nxe3
22. Nxe3 Ne7 23. h4 Red6 24. Nc4 Be6 25. Qc2 Bxc4 26. dxc4 f5 27. Bg2 Nc6 28.
Bg5 Bf6 29. Bxc6 Rxc6 30. Rxe5 Bxg5 31. hxg5 Qxg5 32. Rd5 Re7 33. Qd2 Qxd2 34.
Rxd2 Kh6 35. Rad1 Kg5 36. Rd6 Re6 37. Rxc6 Rxc6 38. Kg2 Re6 39. Rd5 Re2 40. b4
Ra2 41. bxc5 bxc5 42. Rxc5 Rxa4 43. Rc6 Ra2 44. Ra6 a4 45. c5 1/2-1/2

[Event "Bundesliga 9697"]
[Site "Deutschland"]
[Date "1997.??.??"]
[Round "?.5"]
[White "Lau, Ralf"]
[Black "Mueller, Matthias"]
[Result "1-0"]
[WhiteElo "2500"]
[BlackElo "2375"]
[PlyCount "81"]
[EventDate "1996.10.??"]
[EventType "team"]
[EventRounds "15"]
[EventCountry "GER"]
[SourceTitle "Bundesliga 9697"]
[Source "DeepChess"]
[SourceDate "2005.01.01"]
[SourceVersion "1"]
[SourceVersionDate "2005.01.01"]
[SourceQuality "1"]
[WhiteTeam "SG 1868 Aljech. Solingen"]
[BlackTeam "SV Erfurt West 90"]
[WhiteTeamCountry "GER"]
[BlackTeamCountry "GER"]

1. e4 e5 2. Nf3 Nc6 3. Bb5 a6 4. Ba4 Nf6 5. O-O b5 6. Bb3 Bc5 7. Nxe5 Nxe5 8.
d4 Bxd4 9. Qxd4 d6 10. c3 Bb7 11. f3 c5 12. Qd1 O-O 13. Bg5 h6 14. Bh4 Ng6 15.
Bf2 Qc7 16. a4 Rad8 17. axb5 axb5 18. Na3 d5 19. exd5 Bxd5 20. Nxb5 Qb7 21.
Bxd5 Rxd5 22. Qa4 c4 23. Nd4 Qxb2 24. Qxc4 Ne5 25. Qb4 Rb8 26. Qxb2 Rxb2 27.
Rfb1 Rd2 28. Kf1 Rd3 29. Be1 Nc4 30. Rb4 Rc5 31. Raa4 Ne5 32. f4 Ng6 33. f5 Ne5
34. Ra8+ Kh7 35. Rbb8 g6 36. fxg6+ Kxg6 37. Ra6 Kg7 38. Ke2 Rcxc3 39. Bxc3 Rxc3
40. Nf5+ Kg6 41. Ne7+ 1-0

[Event "Bundesliga 9697"]
[Site "Deutschland"]
[Date "1997.??.??"]
[Round "?.6"]
[White "Troyke, Christian"]
[Black "Podzielny, Karl Heinz"]
[Result "0-1"]
[WhiteElo "2380"]
[BlackElo "2490"]
[PlyCount "76"]
[EventDate "1996.10.??"]
[EventType "team"]
[EventRounds "15"]
[EventCountry "GER"]
[SourceTitle "Bundesliga 9697"]
[Source "DeepChess"]
[SourceDate "2005.01.01"]
[SourceVersion "1"]
[SourceVersionDate "2005.01.01"]
[SourceQuality "1"]
[WhiteTeam "SV Erfurt West 90"]
[BlackTeam "SG 1868 Aljech. Solingen"]
[WhiteTeamCountry "GER"]
[BlackTeamCountry "GER"]

1. g3 e5 2. c4 f5 3. Bg2 Nf6 4. Nc3 Nc6 5. d3 Bb4 6. Bd2 a5 7. Nf3 Bxc3 8. Bxc3
d6 9. O-O O-O 10. b3 Qe8 11. e3 Kh8 12. Nd2 Qg6 13. f4 Bd7 14. Nf3 Rae8 15. Qd2
Qh5 16. Rae1 a4 17. Qb2 Qh6 18. Ng5 axb3 19. axb3 Nd8 20. Bd2 Qg6 21. Bc3 Bc6
22. fxe5 dxe5 23. Bxc6 Nxc6 24. Nf3 Ng4 25. b4 e4 26. Nh4 Qg5 27. d4 b5 28.
cxb5 Ne7 29. Ng2 Nd5 30. Bd2 Qh5 31. h4 f4 32. Nxf4 Nxf4 33. Rxf4 Rxf4 34. exf4
e3 35. Bc1 Qd5 36. Qe2 h5 37. Qd3 Qf3 38. Re2 Ra8 0-1

[Event "Bundesliga 9697"]
[Site "Deutschland"]
[Date "1997.??.??"]
[Round "?.7"]
[White "Schaefer, Markus"]
[Black "Brueggemann, Joachim"]
[Result "1-0"]
[WhiteElo "2435"]
[BlackElo "2285"]
[PlyCount "67"]
[EventDate "1996.10.??"]
[EventType "team"]
[EventRounds "15"]
[EventCountry "GER"]
[SourceTitle "Bundesliga 9697"]
[Source "DeepChess"]
[SourceDate "2005.01.01"]
[SourceVersion "1"]
[SourceVersionDate "2005.01.01"]
[SourceQuality "1"]
[WhiteTeam "SG 1868 Aljech. Solingen"]
[BlackTeam "SV Erfurt West 90"]
[WhiteTeamCountry "GER"]
[BlackTeamCountry "GER"]

1. e4 c5 2. Nf3 d6 3. d4 cxd4 4. Nxd4 Nf6 5. Nc3 Nc6 6. f4 a6 7. Be2 Bd7 8. Nb3
e6 9. Be3 b5 10. a3 Be7 11. O-O O-O 12. Qe1 Qc7 13. Qg3 b4 14. axb4 Nxb4 15.
Rac1 Rfe8 16. e5 Nfd5 17. Nxd5 Nxd5 18. Bd4 g6 19. Kh1 Nb4 20. Nd2 d5 21. c4
Rec8 22. Nf3 dxc4 23. Ng5 Bc6 24. f5 exf5 25. Rxf5 Qd8 26. Qh4 Bxg5 27. Rxg5
Bd5 28. e6 Bxe6 29. Rf1 Nc2 30. Bc3 Ne3 31. Qh6 f6 32. Rxg6+ hxg6 33. Qxg6+ Kf8
34. Bb4+ 1-0

[Event "Bundesliga 9697"]
[Site "Deutschland"]
[Date "1997.??.??"]
[Round "?.8"]
[White "Fuhrmann, Daniel"]
[Black "Reeh, Oliver"]
[Result "0-1"]
[WhiteElo "2280"]
[BlackElo "2410"]
[PlyCount "60"]
[EventDate "1996.10.??"]
[EventType "team"]
[EventRounds "15"]
[EventCountry "GER"]
[SourceTitle "Bundesliga 9697"]
[Source "DeepChess"]
[SourceDate "2005.01.01"]
[SourceVersion "1"]
[SourceVersionDate "2005.01.01"]
[SourceQuality "1"]
[WhiteTeam "SV Erfurt West 90"]
[BlackTeam "SG 1868 Aljech. Solingen"]
[WhiteTeamCountry "GER"]
[BlackTeamCountry "GER"]

1. d4 Nf6 2. c4 e6 3. Nf3 Bb4+ 4. Bd2 Qe7 5. Nc3 O-O 6. g3 Bxc3 7. Bxc3 Ne4 8.
Rc1 d6 9. Bg2 Nxc3 10. Rxc3 e5 11. c5 e4 12. cxd6 cxd6 13. Nd2 d5 14. O-O Nc6
15. Nb3 Qd6 16. Qd2 b6 17. Rfc1 Bd7 18. Bf1 a5 19. Bh3 f5 20. Na1 Na7 21. Rb3
a4 22. Rbc3 Nb5 23. R3c2 f4 24. Bxd7 Qxd7 25. gxf4 Qg4+ 26. Kh1 Rxf4 27. Rg1
Qf5 28. Qb4 Rxf2 29. Qxb5 e3 30. Qd3 Qh3 0-1

[Event "Bundesliga 9697"]
[Site "Deutschland"]
[Date "1997.??.??"]
[Round "?.2"]
[White "Jussupow, Artur"]
[Black "Slobodjan, Roman"]
[Result "1/2-1/2"]
[WhiteElo "2665"]
[BlackElo "2520"]
[PlyCount "150"]
[EventDate "1996.10.??"]
[EventType "team"]
[EventRounds "15"]
[EventCountry "GER"]
[SourceTitle "Bundesliga 9697"]
[Source "DeepChess"]
[SourceDate "2005.01.01"]
[SourceVersion "1"]
[SourceVersionDate "2005.01.01"]
[SourceQuality "1"]
[WhiteTeam "SG 1868 Aljech. Solingen"]
[BlackTeam "USC Magdeburg"]
[WhiteTeamCountry "GER"]
[BlackTeamCountry "GER"]

1. d4 d5 2. c4 c6 3. Nc3 Nf6 4. e3 g6 5. Nf3 Bg7 6. Bd3 O-O 7. O-O Bg4 8. h3
Bf5 9. Bxf5 gxf5 10. cxd5 cxd5 11. Qb3 b6 12. Ne5 e6 13. Bd2 Nbd7 14. Nc6 Qe8
15. Nb5 Nc5 16. dxc5 Qxc6 17. Nd4 Qc7 18. c6 Ne4 19. Bb4 Rfc8 20. Rfc1 a6 21.
Rc2 Kh8 22. Rac1 Rg8 23. Ne2 Be5 24. f3 Nc5 25. Bxc5 bxc5 26. Rxc5 Rab8 27. Qd3
Bxb2 28. Rb1 Be5 29. Rxb8 Qxb8 30. f4 Qb4 31. Rc1 Bc7 32. Rb1 Qc4 33. Qd4+ Qxd4
34. Nxd4 Rc8 35. g4 fxg4 36. hxg4 Kg7 37. Kf2 Kf6 38. g5+ Kg6 39. Rh1 Bb6 40.
Nf3 Kg7 41. Rc1 Bc7 42. Rb1 h6 43. gxh6+ Kxh6 44. Rb7 Kg6 45. Ra7 a5 46. Rb7
Bd6 47. Nd4 Bc5 48. Nf3 f6 49. c7 Kf5 50. Ke2 e5 51. fxe5 fxe5 52. Rb5 Rxc7 53.
Rxa5 e4 54. Nd2 Ke5 55. Nb3 Ba7 56. Ra6 Rh7 57. Kf2 Kf5 58. Rd6 Rh3 59. Rxd5+
Kg4 60. Nc5 Rh2+ 61. Kg1 Rxa2 62. Nxe4 Bxe3+ 63. Kf1 Kf3 64. Nc3 Rh2 65. Rf5+
Bf4 66. Rxf4+ Kxf4 67. Ne2+ Ke3 68. Ng1 Rf2+ 69. Ke1 Rg2 70. Kf1 Rg3 71. Ne2
Rf3+ 72. Ke1 Rf2 73. Ng1 Rf8 74. Nh3 Ra8 75. Kf1 Ra2 1/2-1/2

[Event "Bundesliga 9697"]
[Site "Deutschland"]
[Date "1997.??.??"]
[Round "?.3"]
[White "Rogozenko, Dorian"]
[Black "Gabriel, Christian"]
[Result "1/2-1/2"]
[WhiteElo "2530"]
[BlackElo "2570"]
[PlyCount "68"]
[EventDate "1996.10.??"]
[EventType "team"]
[EventRounds "15"]
[EventCountry "GER"]
[SourceTitle "Bundesliga 9697"]
[Source "DeepChess"]
[SourceDate "2005.01.01"]
[SourceVersion "1"]
[SourceVersionDate "2005.01.01"]
[SourceQuality "1"]
[WhiteTeam "USC Magdeburg"]
[BlackTeam "SG 1868 Aljech. Solingen"]
[WhiteTeamCountry "GER"]
[BlackTeamCountry "GER"]

1. d4 g6 2. c4 f5 3. g3 Nf6 4. Bg2 Bg7 5. Nc3 O-O 6. Nh3 e6 7. O-O d6 8. Nf4 e5
9. dxe5 dxe5 10. Qxd8 Rxd8 11. Nfd5 Nxd5 12. cxd5 Na6 13. Bg5 Re8 14. e4 Bd7
15. Be3 Nb4 16. Rae1 f4 17. Bd2 Nd3 18. Rb1 Bf8 19. Ne2 fxg3 20. hxg3 a5 21.
Be3 Bc5 22. Bxc5 Nxc5 23. Rfc1 b6 24. Nc3 Rf8 25. Rd1 Rf6 26. Rd2 h5 27. Re1
Raf8 28. Bf1 g5 29. Bb5 Bc8 30. Bc4 Kg7 31. Nb5 Ba6 32. Na3 Bc8 33. Nb5 Ba6 34.
Na3 Bc8 1/2-1/2

[Event "Bundesliga 9697"]
[Site "Deutschland"]
[Date "1997.??.??"]
[Round "?.4"]
[White "Chandler, Murray G"]
[Black "Naumann, Alexander"]
[Result "1-0"]
[WhiteElo "2555"]
[BlackElo "2380"]
[PlyCount "65"]
[EventDate "1996.10.??"]
[EventType "team"]
[EventRounds "15"]
[EventCountry "GER"]
[SourceTitle "Bundesliga 9697"]
[Source "DeepChess"]
[SourceDate "2005.01.01"]
[SourceVersion "1"]
[SourceVersionDate "2005.01.01"]
[SourceQuality "1"]
[WhiteTeam "SG 1868 Aljech. Solingen"]
[BlackTeam "USC Magdeburg"]
[WhiteTeamCountry "GER"]
[BlackTeamCountry "GER"]

1. e4 c5 2. Nf3 Nc6 3. d4 cxd4 4. Nxd4 Nf6 5. Nc3 d6 6. Bg5 e6 7. Qd2 a6 8.
O-O-O h6 9. Be3 Be7 10. f4 Nxd4 11. Bxd4 b5 12. Qe3 Qc7 13. e5 dxe5 14. fxe5
Nd7 15. Ne4 Bb7 16. Nd6+ Qxd6 17. exd6 Bg5 18. Qxg5 hxg5 19. Bxg7 Rh4 20. Bd4
Rc8 21. c3 e5 22. Be3 f6 23. h3 Nf8 24. Rg1 Kd7 25. Be2 Ne6 26. Bg4 Be4 27.
Rgf1 Rh6 28. Rf2 b4 29. Bxe6+ Kxe6 30. d7 Rd8 31. Rfd2 bxc3 32. bxc3 Rb8 33.
Rd6+ 1-0

[Event "Bundesliga 9697"]
[Site "Deutschland"]
[Date "1997.??.??"]
[Round "?.5"]
[White "Proehl, Holger"]
[Black "Bischoff, Klaus"]
[Result "1-0"]
[WhiteElo "2395"]
[BlackElo "2550"]
[PlyCount "85"]
[EventDate "1996.10.??"]
[EventType "team"]
[EventRounds "15"]
[EventCountry "GER"]
[SourceTitle "Bundesliga 9697"]
[Source "DeepChess"]
[SourceDate "2005.01.01"]
[SourceVersion "1"]
[SourceVersionDate "2005.01.01"]
[SourceQuality "1"]
[WhiteTeam "USC Magdeburg"]
[BlackTeam "SG 1868 Aljech. Solingen"]
[WhiteTeamCountry "GER"]
[BlackTeamCountry "GER"]

1. e4 c5 2. c3 Nf6 3. e5 Nd5 4. g3 Nc6 5. Bg2 e6 6. Nf3 Be7 7. O-O O-O 8. d3
Rb8 9. Nbd2 b6 10. Qe2 Bb7 11. Ne4 f6 12. exf6 gxf6 13. Ned2 Kh8 14. Re1 Rg8
15. Nf1 Qf8 16. Bd2 Re8 17. c4 Nc7 18. Bc3 d5 19. cxd5 exd5 20. Nh4 Qf7 21. Nf5
Rgf8 22. Qd1 Rd8 23. d4 cxd4 24. Bxd4 Bb4 25. Bc3 Bc5 26. Qg4 Nb5 27. Rad1 d4
28. Bd2 Ne5 29. Qh4 Bxg2 30. Kxg2 d3 31. Bh6 Rg8 32. Rxe5 fxe5 33. Bg7+ Rxg7
34. Qxd8+ Rg8 35. Qxd3 Nd4 36. Nxd4 Bxd4 37. Ne3 Qxa2 38. Rd2 Qe6 39. Qe4 Qg6
40. Nf5 Rf8 41. g4 a5 42. h3 a4 43. f4 1-0

[Event "Bundesliga 9697"]
[Site "Deutschland"]
[Date "1997.??.??"]
[Round "?.6"]
[White "Podzielny, Karl Heinz"]
[Black "Stolz, Mike"]
[Result "1/2-1/2"]
[WhiteElo "2490"]
[BlackElo "2280"]
[PlyCount "121"]
[EventDate "1996.10.??"]
[EventType "team"]
[EventRounds "15"]
[EventCountry "GER"]
[SourceTitle "Bundesliga 9697"]
[Source "DeepChess"]
[SourceDate "2005.01.01"]
[SourceVersion "1"]
[SourceVersionDate "2005.01.01"]
[SourceQuality "1"]
[WhiteTeam "SG 1868 Aljech. Solingen"]
[BlackTeam "USC Magdeburg"]
[WhiteTeamCountry "GER"]
[BlackTeamCountry "GER"]

1. d4 Nf6 2. Nf3 g6 3. c4 Bg7 4. Nc3 O-O 5. e4 d6 6. Be2 e5 7. O-O h6 8. Re1
Nbd7 9. Bf1 Re8 10. d5 a5 11. b3 Nc5 12. Rb1 Bg4 13. h3 Bd7 14. a3 Nh5 15. g3
Qe7 16. Nd2 Nf6 17. Qc2 h5 18. Nf3 Qf8 19. b4 axb4 20. axb4 Na4 21. Nb5 Rec8
22. c5 dxc5 23. Ra1 c6 24. Rxa4 Rxa4 25. Qxa4 cxb5 26. Qa1 c4 27. Bd2 Nh7 28.
Bc3 Ra8 29. Qb2 f6 30. Nh4 Qf7 31. Ra1 Ra6 32. Rxa6 bxa6 33. Bg2 Ng5 34. Kh2
Qe8 35. Qa2 Kh7 36. Qe2 Qb8 37. Bd2 Bf8 38. f4 exf4 39. gxf4 Nf7 40. Kh1 Kg7
41. e5 fxe5 42. Qe4 Bf5 43. Nxf5+ gxf5 44. Qxf5 Bd6 45. Be4 Qh8 46. fxe5 Bxe5
47. d6 Qd8 48. Qg6+ Kf8 49. Bh6+ Nxh6 50. Qxh6+ Bg7 51. Qe6 Qf6 52. Qc8+ Kf7
53. Qd7+ Kg8 54. Qe8+ Bf8 55. d7 Qf1+ 56. Kh2 Qf2+ 57. Bg2 Qf4+ 58. Kg1 Qd4+
59. Kh1 Qd1+ 60. Kh2 Qd6+ 61. Kh1 1/2-1/2

[Event "Bundesliga 9697"]
[Site "Deutschland"]
[Date "1997.??.??"]
[Round "?.7"]
[White "Darnstaedt, Frank"]
[Black "Schaefer, Markus"]
[Result "1/2-1/2"]
[WhiteElo "2295"]
[BlackElo "2435"]
[PlyCount "49"]
[EventDate "1996.10.??"]
[EventType "team"]
[EventRounds "15"]
[EventCountry "GER"]
[SourceTitle "Bundesliga 9697"]
[Source "DeepChess"]
[SourceDate "2005.01.01"]
[SourceVersion "1"]
[SourceVersionDate "2005.01.01"]
[SourceQuality "1"]
[WhiteTeam "USC Magdeburg"]
[BlackTeam "SG 1868 Aljech. Solingen"]
[WhiteTeamCountry "GER"]
[BlackTeamCountry "GER"]

1. e4 e6 2. d4 d5 3. Nd2 Nf6 4. e5 Nfd7 5. Bd3 c5 6. c3 Nc6 7. Ne2 cxd4 8. cxd4
f6 9. Nf4 Nxd4 10. Qh5+ Ke7 11. exf6+ Nxf6 12. Ng6+ hxg6 13. Qxh8 Kf7 14. O-O
e5 15. Nf3 Nxf3+ 16. gxf3 e4 17. Be2 Nh5 18. Rd1 Be6 19. f4 Qh4 20. f5 Bxf5 21.
Rxd5 Qh3 22. Qh7 e3 23. Rxf5+ Qxf5 24. Bxe3 Bd6 25. Bxh5 1/2-1/2

[Event "Bundesliga 9697"]
[Site "Deutschland"]
[Date "1997.??.??"]
[Round "?.8"]
[White "Reeh, Oliver"]
[Black "Schnabel, Ralf"]
[Result "1-0"]
[WhiteElo "2410"]
[BlackElo "2255"]
[PlyCount "89"]
[EventDate "1996.10.??"]
[EventType "team"]
[EventRounds "15"]
[EventCountry "GER"]
[SourceTitle "Bundesliga 9697"]
[Source "DeepChess"]
[SourceDate "2005.01.01"]
[SourceVersion "1"]
[SourceVersionDate "2005.01.01"]
[SourceQuality "1"]
[WhiteTeam "SG 1868 Aljech. Solingen"]
[BlackTeam "USC Magdeburg"]
[WhiteTeamCountry "GER"]
[BlackTeamCountry "GER"]

1. d4 f5 2. g3 Nf6 3. Bg2 g6 4. Nh3 Bg7 5. Nf4 d6 6. Nc3 O-O 7. d5 c6 8. h4 Bh8
9. O-O Bd7 10. e4 fxe4 11. Nxe4 Nxe4 12. Bxe4 Na6 13. h5 Nc5 14. Bg2 g5 15. Nd3
Nxd3 16. Qxd3 Bf6 17. dxc6 bxc6 18. Bxc6 Bxc6 19. Qc4+ Kh8 20. Qxc6 Qc8 21.
Qxc8 Rfxc8 22. c3 g4 23. Be3 Rab8 24. Rab1 Rb5 25. h6 a6 26. Rfc1 Kg8 27. Bd2
Ra5 28. a3 Rb5 29. b3 Rd5 30. Rc2 Rd3 31. b4 Kf7 32. a4 d5 33. b5 axb5 34. axb5
Rb8 35. Bf4 Rb7 36. c4 dxc4 37. Rxc4 Bd4 38. Kg2 e5 39. Be3 Bxe3 40. fxe3 Ke6
41. Rxg4 Rdd7 42. b6 Kf6 43. Rg7 Rxg7 44. hxg7 Kxg7 45. Kf3 1-0

[Event "Bundesliga 9697"]
[Site "Deutschland"]
[Date "1997.03.01"]
[Round "?.1"]
[White "Glek, Igor V"]
[Black "Lutz, Christopher"]
[Result "1-0"]
[WhiteElo "2620"]
[BlackElo "2555"]
[PlyCount "65"]
[EventDate "1996.10.??"]
[EventType "team"]
[EventRounds "15"]
[EventCountry "GER"]
[SourceTitle "Bundesliga 9697"]
[Source "DeepChess"]
[SourceDate "2005.01.01"]
[SourceVersion "1"]
[SourceVersionDate "2005.01.01"]
[SourceQuality "1"]
[WhiteTeam "SG Bochum 31"]
[BlackTeam "SG Porz e.V."]
[WhiteTeamCountry "GER"]
[BlackTeamCountry "GER"]

1. e4 c5 2. Nf3 d6 3. d4 cxd4 4. Nxd4 Nf6 5. Nc3 a6 6. a4 Nc6 7. Be2 e5 8. Nb3
Be7 9. Bg5 Be6 10. Bxf6 Bxf6 11. Nd5 Nd4 12. Nxd4 exd4 13. Nxf6+ Qxf6 14. O-O
O-O 15. Bd3 Rfe8 16. Qd2 Bd7 17. f3 Bc6 18. Rfd1 Re5 19. Qf2 Rh5 20. Bc4 d5 21.
exd5 Bxd5 22. Bf1 Rc8 23. Qxd4 Qd6 24. c4 Qxh2+ 25. Kf2 Re8 26. cxd5 Rh4 27.
Re1 Rf8 28. Qe5 Rf4 29. Re4 Qh4+ 30. g3 Rxe4 31. Qxe4 Qf6 32. Qb4 a5 33. Qd2
1-0

[Event "Bundesliga 9697"]
[Site "Deutschland"]
[Date "1997.??.??"]
[Round "?.4"]
[White "Christiansen, Larry Mark"]
[Black "Schmittdiel, Eckhard"]
[Result "0-1"]
[WhiteElo "2560"]
[BlackElo "2440"]
[PlyCount "156"]
[EventDate "1996.10.??"]
[EventType "team"]
[EventRounds "15"]
[EventCountry "GER"]
[SourceTitle "Bundesliga 9697"]
[Source "DeepChess"]
[SourceDate "2005.01.01"]
[SourceVersion "1"]
[SourceVersionDate "2005.01.01"]
[SourceQuality "1"]
[WhiteTeam "SG Porz e.V."]
[BlackTeam "SG Bochum 31"]
[WhiteTeamCountry "GER"]
[BlackTeamCountry "GER"]

1. d4 Nf6 2. c4 e6 3. Nc3 Bb4 4. e3 c5 5. Bd3 Nc6 6. Nge2 cxd4 7. exd4 d5 8.
cxd5 Qxd5 9. O-O Qh5 10. Bf4 O-O 11. Ne4 Nd5 12. a3 Nxf4 13. Nxf4 Qh6 14. Ne2
Ba5 15. f4 Bb6 16. Kh1 Rd8 17. Ng5 g6 18. Be4 Nxd4 19. Nxd4 Rxd4 20. Qf3 Rb8
21. Rad1 Qg7 22. Rxd4 Bxd4 23. Qd3 f5 24. Rd1 h6 25. Nh3 Bb6 26. Bf3 Kh7 27. b4
e5 28. fxe5 Qxe5 29. Bd5 Bd7 30. Ng1 Ba4 31. Nf3 Qe3 32. Qxe3 Bxe3 33. Rd3 Bb6
34. Ne5 Bc7 35. Bb3 Bxb3 36. Rd7+ Kg8 37. Rxc7 Re8 38. Nf3 Bd5 39. Kg1 Re2 40.
Kf1 Ra2 41. Nh4 Rxa3 42. Nxg6 Be4 43. Kf2 Ra2+ 44. Ke3 Rxg2 45. Ne7+ Kf8 46.
Nc8 Rb2 47. Nxa7 Rxb4 48. Kf4 Ke8 49. Rh7 Bc6+ 50. Ke5 Bd7 51. Rxh6 Kd8 52.
Rh8+ Kc7 53. Rh7 f4 54. Rf7 f3 55. Kd5 Rb3 56. Kc5 Kd8 57. h4 b6+ 58. Kd6 Rd3+
59. Ke5 Ra3 60. h5 Be8 61. Nc6+ Bxc6 62. h6 Be8 63. Rf6 Ra5+ 64. Kd4 Ke7 65.
Rxf3 Rh5 66. Re3+ Kd7 67. Kc4 Kd8 68. Rd3+ Kc7 69. Re3 Bd7 70. Re4 Rxh6 71. Kb4
Re6 72. Rh4 Bc6 73. Rh8 Re4+ 74. Kb3 Bd5+ 75. Ka3 Kc6 76. Rh5 Kc5 77. Rg5 Rf4
78. Rh5 Rf2 0-1

[Event "Bundesliga 9697"]
[Site "Deutschland"]
[Date "1997.??.??"]
[Round "?.5"]
[White "Bosch, Jeroen"]
[Black "Vaganian, Rafael A"]
[Result "0-1"]
[WhiteElo "2425"]
[BlackElo "2585"]
[PlyCount "154"]
[EventDate "1996.10.??"]
[EventType "team"]
[EventRounds "15"]
[EventCountry "GER"]
[SourceTitle "Bundesliga 9697"]
[Source "DeepChess"]
[SourceDate "2005.01.01"]
[SourceVersion "1"]
[SourceVersionDate "2005.01.01"]
[SourceQuality "1"]
[WhiteTeam "SG Bochum 31"]
[BlackTeam "SG Porz e.V."]
[WhiteTeamCountry "GER"]
[BlackTeamCountry "GER"]

1. e4 e6 2. d4 d5 3. e5 c5 4. c3 Nc6 5. Nf3 Nh6 6. Bd3 cxd4 7. cxd4 Nf5 8. Bxf5
exf5 9. Nc3 Be7 10. h4 h6 11. Ne2 Be6 12. Nf4 Rc8 13. Bd2 O-O 14. a3 Na5 15.
Bb4 Bxb4+ 16. axb4 Nc6 17. Qa4 Qb6 18. b5 Ne7 19. O-O Rc4 20. Qxa7 Qxb5 21. Qa3
Nc6 22. Rfd1 Rc8 23. Rd2 Qb6 24. Rad1 Nb4 25. Qb3 Qa5 26. Kh2 b6 27. Qa3 Ra8
28. Ra1 Nc6 29. Qxa5 Rxa5 30. Rxa5 Nxa5 31. Kg3 Kf8 32. Rd3 Rc2 33. Rd2 Rc4 34.
h5 Ke7 35. Ne2 g5 36. hxg6 fxg6 37. b3 Rb4 38. Rc2 g5 39. Rc7+ Bd7 40. Nc3 Kd8
41. Nxd5 Rxb3 42. Rc3 b5 43. Nd2 f4+ 44. Kh2 Rxc3 45. Nxc3 b4 46. Nce4 Nc6 47.
Nb3 Be6 48. Nec5 Ke7 49. f3 Bd5 50. g3 Bxf3 51. gxf4 gxf4 52. Nd3 Bd5 53. Nd2
Bg8 54. Nxf4 Nxd4 55. Kg3 Nc6 56. Nf3 b3 57. Nd3 Bc4 58. Nb2 Bd5 59. Nh4 Ke6
60. Kg4 Kxe5 61. Kh5 Kd4 62. Nf5+ Kc3 63. Nd1+ Kd2 64. Nb2 Bf3+ 65. Kxh6 Be2
66. Nd6 Kc3 67. Na4+ Kb4 68. Nb2 Na5 69. Nf5 Nc6 70. Ng3 Ka3 71. Na4 Kxa4 72.
Nxe2 b2 73. Nc3+ Kb3 74. Nb1 Kc2 75. Na3+ Kc1 76. Kg5 Nd4 77. Kf4 Nc2 0-1